LEADER 01168nam a2200265 4500 001 000000364796 003 CaOOAMICUS 005 20251022135846.0 008 251022s1975 it 000 u ita r 040 $aSeMil$bita 100 1 $aSarano, Jacques <1920- >.$0(OLS)http://semarc/name/33916 240 10$aEssai sur la signification du corps.$0(OLS)http://semarc/title/456280 245 10$aSignificato del corpo /$cJacques Sarano ; con prefazione del dott. Paul Tournier. 264 1$aCinisello Balsamo (MI) :$bPaoline,$c1975. 300 $a207 p. ;$c22 cm 490 1 $aCollana di antropologia ;$v1 650 4$aCorpo umano - Filosofia.$0(OLS)http://semarc/subject/12185 700 1 $aTournier, Paul.$0(OLS)http://semarc/name/35553 830 0$aCollana di antropologia ;$v1.$0(OLS)http://semarc/title/32125 850 $aSeMil 852 $aSeMil$W1$xVenegono$y1$m2R IV 89$j263667$B255623$CSeMilBibl$Z2$F255623 $81 961 $aBuzzi mons. Franco - Omaggio 996 $6245$aSignificato del corpo$9(OLS)http://semarc/title/456281 996 $6264$aCinisello Balsamo (MI) :$bPaoline$9(OLS)http://semarc/publisher/29714 LEADER 01323nam a2200253 i 4500 001 000000071549 003 CaOOAMICUS 005 20081209000000.0 008 081209s1968 fr u000 u fre u 013 $a42721 040 $aSeMil$bita 100 1 $aCentre international de synthèse : Section d'histoire de sciences.$0(OLS)http://semarc/name/35529 245 10$aGalilée :$baspects de sa vie et de son oeuvre /$c[prefazione di Susanne Delorme ; scritti di René Taton]. 260 $aParis :$bPresses Universitaires de France,$c1968. 300 $aVIII, 382 p., [1] c. di tav. :$bill. ;$c25 cm. 490 0 $aCentre international de synthèse. Section d'histoire des sciences 650 4$aGalilei, Galileo <1564-1642> - Bibliografia.$0(OLS)http://semarc/subject/10034 700 1 $aTaton, René.$0(OLS)http://semarc/name/10952 700 1 $aDelorme, Susanne <1913-2005>.$0(OLS)http://semarc/name/35530 830 0$aCentre international de synthèse. Section d'histoire des sciences.$0(OLS)http://semarc/title/26965 850 $aSeMil 852 $aSeMil$W1$xVenegono$y1$m2P IV 261$j37702$B37702$CSeMilBibl$Z2$F37705 $81 996 $6245$aGalilée :$baspects de sa vie et de son oeuvre$9(OLS)http://semarc/title/115091 996 $6260$aParis :$bPresses Universitaires de France$9(OLS)http://semarc/publisher/30047